[Event "Alcorcon Diagonal op 2nd"]
[Site "Alcorcon"]
[Date "2023.12.27"]
[Round "4"]
[White "Cuadrado Carmona, Javier"]
[Black "Vargas Rodriguez, Wilver"]
[Result "0-1"]
[WhiteElo "2123"]
[BlackElo "2273"]
[PlyCount "106"]
[EventDate "2023.12.26"]
[EventType "swiss"]
[EventRounds "9"]
[EventCountry "ESP"]
[SourceTitle "CB01_2024"]
[SourceDate "2024.01.03"]
[SourceVersion "1"]
[SourceVersionDate "2024.01.03"]
[SourceQuality "1"]

1. e4 e6 2. d4 d5 3. Nd2 c5 4. c3 Nc6 5. Ngf3 cxd4 6. cxd4 dxe4 7. Nxe4 Bb4+ 8. Nc3 Nf6 9. Bd3 a6 10. 0-0 Be7 11. a3 b5 12. Bg5 Bb7 13. Bc2 Na5 14. Ne5 Rc8 15. Qd3 Nc4 16. Nxc4 Rxc4 17. Rad1 Nd5 18. Bxe7 Qxe7 19. Nxd5 Bxd5 20. Bb3 Qg5 21. Qg3 Qxg3 22. hxg3 Rc7 23. Bxd5 exd5 24. Rfe1+ Kd7 25. Re5 Kd6 26. Rde1 Rhc8 27. f4 Rc1 28. Kf2 Rxe1 29. Rxe1 Rc2+ 30. Re2 Rxe2+ 31. Kxe2 f5 32. b4 Ke6 33. Kf3 Kf6 34. g4 fxg4+ 35. Kxg4 h5+ 36. Kxh5 Kf5 37. g3 Ke4 38. Kg6 Kxd4 39. Kxg7 Ke4 40. Kg6 d4 41. f5 d3 42. f6 d2 43. f7 d1Q 44. f8Q Qg4+ 45. Kh6 Qh3+ 46. Kg7 Qxg3+ 47. Kh7 Qh4+ 48. Kg8 Qg3+ 49. Kh7 Qxa3 50. Qc5 Qh3+ 51. Kg7 Qd7+ 52. Kh6 Qe6+ 53. Kg7 Qe5+ 0-1

[Event "ESP-ch U18"]
[Site "Salobrena"]
[Date "2023.08.05"]
[Round "9"]
[White "Cuadrado Carmona, Javier"]
[Black "Rodriguez Avila, Alvaro"]
[Result "1-0"]
[WhiteElo "1936"]
[BlackElo "2103"]
[PlyCount "151"]
[EventDate "2023.07.31"]
[EventType "swiss"]
[EventRounds "9"]
[EventCountry "ESP"]
[SourceTitle "CBM 215 Extra"]
[Source "ChessBase"]
[SourceDate "2023.09.30"]
[SourceVersion "1"]
[SourceVersionDate "2023.09.30"]
[SourceQuality "1"]

1. e4 c5 2. c3 d5 3. exd5 Nf6 4. d4 cxd4 5. cxd4 Nxd5 6. Nc3 g6 7. Nf3 Bg7 8. Be2 0-0 9. 0-0 Nc6 10. Be3 Bf5 11. Qb3 Nxc3 12. bxc3 Qc7 13. Rac1 Rac8 14. c4 Bg4 15. d5 Bxf3 16. Bxf3 Nd4 17. Qd1 Nf5 18. c5 Rfd8 19. Qb3 Nd4 20. Bxd4 Bxd4 21. c6 bxc6 22. dxc6 Rb8 23. Qa4 Rb2 24. Rc2 Rbb8 25. Rc4 Be5 26. g3 Bd6 27. Rfc1 Rb6 28. Qa5 Rc8 29. Ra4 a6 30. Qg5 Qa7 31. Rh4 Rb2 32. Rf1 e6 33. Qh6 f5 34. Qc1 Qb6 35. Qc4 Re8 36. Bd5 Kg7 37. Bxe6 Be5 38. Qd5 Bf6 39. Rc4 Re7 40. Qd6 Re2 41. Bd7 Rxa2 42. Qxe7+ Bxe7 43. c7 Bc5 44. Rxc5 Qxc5 45. c8Q Qxc8 46. Bxc8 a5 47. Rc1 h6 48. Rc6 Rd2 49. Ra6 Rd5 50. h4 Rc5 51. Bd7 Kf7 52. h5 gxh5 53. Rxh6 Ke7 54. Rh7+ Kd8 55. Rf7 h4 56. gxh4 Rc4 57. Rh7 f4 58. Kg2 a4 59. Bxa4 Rxa4 60. Rf7 Ke8 61. Rf5 Ke7 62. Kf3 Ke6 63. Rxf4 Ra3+ 64. Kg4 Ra1 65. Rf3 Rh1 66. h5 Rg1+ 67. Rg3 Rf1 68. Rf3 Rg1+ 69. Kh4 Ke5 70. h6 Ke4 71. Rg3 Rh1+ 72. Kg5 Rh2 73. Kg6 Kf4 74. h7 Rxf2 75. Rh3 Rg2+ 76. Kf6 1-0

[Event "ESP-ch U18"]
[Site "Salobrena"]
[Date "2023.08.02"]
[Round "4"]
[White "Zubizarreta Landera, Amets"]
[Black "Cuadrado Carmona, Javier"]
[Result "1/2-1/2"]
[WhiteElo "2077"]
[BlackElo "1936"]
[PlyCount "130"]
[EventDate "2023.07.31"]
[EventType "swiss"]
[EventRounds "9"]
[EventCountry "ESP"]
[SourceTitle "CBM 215 Extra"]
[Source "ChessBase"]
[SourceDate "2023.09.30"]
[SourceVersion "1"]
[SourceVersionDate "2023.09.30"]
[SourceQuality "1"]

1. e4 e5 2. Nf3 Nc6 3. Bc4 Bc5 4. c3 Nf6 5. d4 exd4 6. e5 d5 7. Bb5 Ne4 8. cxd4 Bb6 9. Nc3 Bg4 10. Be3 0-0 11. h3 Bh5 12. Qc2 Bg6 13. Qb3 Ne7 14. 0-0 c6 15. Bd3 Nd2 16. Nxd2 Bxd3 17. Rfe1 Bg6 18. Nf3 Nf5 19. Na4 Qc7 20. Rac1 Rfe8 21. a3 Nxe3 22. Rxe3 f6 23. Nxb6 Qxb6 24. Qc3 Be4 25. exf6 gxf6 26. Rce1 Kf7 27. Qd2 Bxf3 28. gxf3 Qc7 29. Qd3 Kf8 30. Qf5 Qg7+ 31. Kf1 Rxe3 32. Rxe3 Rd8 33. f4 Qg6 34. Qe6 Qf7 35. Qf5 Qg6 36. Qe6 Qf7 37. Qg4 Qg6 38. f5 Qxg4 39. hxg4 Kf7 40. Rh3 Kg7 41. Re3 Kf7 42. Rh3 Kg7 43. Re3 Kf7 44. Kg2 Rg8 45. f3 h5 46. Kg3 hxg4 47. fxg4 Rh8 48. Rb3 b6 49. Rc3 Rc8 50. b4 Ke7 51. Kf4 Kf7 52. a4 Re8 53. Rxc6 Re4+ 54. Kg3 Rxd4 55. Rc7+ Ke8 56. Kh4 Rxb4 57. Rxa7 d4 58. a5 d3 59. axb6 d2 60. Ra1 Rxb6 61. Rd1 Rd6 62. Kg3 Rd4 63. Kf3 Ke7 64. Ke3 Rxg4 65. Rxd2 Ra4 1/2-1/2

[Event "ESP-ch U16 rapid"]
[Site "Salobrena"]
[Date "2023.07.29"]
[Round "4"]
[White "Cuadrado Carmona, Javier"]
[Black "Pinyol I Llora, Julia"]
[Result "1-0"]
[WhiteElo "1987"]
[BlackElo "1727"]
[PlyCount "111"]
[EventDate "2023.07.29"]
[EventType "swiss (rapid)"]
[EventRounds "9"]
[EventCountry "ESP"]
[SourceTitle "EXT 2024"]
[Source "ChessBase"]
[SourceDate "2023.10.10"]
[SourceVersion "1"]
[SourceVersionDate "2023.10.10"]
[SourceQuality "1"]

1. e4 c5 2. c3 Nf6 3. e5 Nd5 4. d4 cxd4 5. cxd4 d6 6. Nf3 e6 7. Nc3 Nxc3 8. bxc3 Qc7 9. Bb2 Nd7 10. exd6 Bxd6 11. Bd3 b6 12. 0-0 Bb7 13. h3 0-0 14. Rc1 h6 15. Bb1 Nf6 16. c4 Bf4 17. Rc3 Ne4 18. Bxe4 Bxe4 19. Re1 Bb7 20. Ne5 Qe7 21. Qg4 Bd2 22. Rg3 f5 23. Qh5 Bxe1 24. Ba3 Qf6 25. Rg6 Qxg6 26. Qxg6 Rf6 27. Qh5 Bc3 28. Be7 Raf8 29. Bxf6 Rxf6 30. Qe8+ Kh7 31. Qd7 Be4 32. f3 Bb1 33. Kh2 Bxa2 34. Qa4 Bxd4 35. Nc6 Bxc4 36. Nxd4 Bf1 37. Qxa7 Rg6 38. g3 Bd3 39. Qxb6 e5 40. Qb3 e4 41. Nxf5 Rc6 42. g4 Bc4 43. Qb7 Rg6 44. Qxe4 Bg8 45. Ne7 Bf7 46. Nxg6 Bxg6 47. Qe7 Kg8 48. f4 Bf7 49. f5 Bc4 50. f6 gxf6 51. Qd8+ Kf7 52. Qc7+ Kg6 53. Qxc4 f5 54. Qe6+ Kg5 55. Qxf5+ Kh4 56. Qh5# 1-0

[Event "Madrid Alcorcon op 1st"]
[Site "Madrid"]
[Date "2022.12.27"]
[Round "4"]
[White "Cuadrado Carmona, Javier"]
[Black "Torres Rebolledo, Marcos"]
[Result "1-0"]
[WhiteElo "1905"]
[BlackElo "1530"]
[PlyCount "103"]
[EventDate "2022.12.26"]
[EventType "swiss"]
[EventRounds "9"]
[EventCountry "ESP"]
[SourceTitle "CBM 212 Extra"]
[Source "ChessBase"]
[SourceDate "2023.03.31"]
[SourceVersion "1"]
[SourceVersionDate "2023.03.31"]
[SourceQuality "1"]

1. e4 c5 2. c3 Nf6 3. e5 Nd5 4. d4 cxd4 5. cxd4 d6 6. Nf3 Nc6 7. Bc4 Nb6 8. Bb5 dxe5 9. Nxe5 Bd7 10. Nxd7 Qxd7 11. 0-0 e6 12. Be3 Bd6 13. Nc3 0-0 14. a3 a6 15. Bd3 Ne7 16. Ne4 Bb8 17. Qh5 f5 18. Ng5 h6 19. Nf3 Rf6 20. Rad1 Nbd5 21. Ne5 Qd6 22. Rfe1 Nxe3 23. fxe3 Kh7 24. Bb1 Ng6 25. e4 Nxe5 26. dxe5 Qxe5 27. exf5 Qc5+ 28. Kh1 exf5 29. Rd8 Bg3 30. Red1 Rxd8 31. Rxd8 Bd6 32. Qd1 Qc7 33. Re8 Bf4 34. Re1 g6 35. Ba2 Rd6 36. Qb3 Rd8 37. Qe6 Qg7 38. g3 Bg5 39. h4 Bf6 40. h5 g5 41. Qxf5+ Kh8 42. Bb1 Bxb2 43. Re6 Bxa3 44. Rg6 Rd1+ 45. Kh2 Qb2+ 46. Bc2 Rd2+ 47. Kh3 Rxc2 48. Rxh6+ Kg8 49. Qe6+ Kf8 50. Rf6+ Qxf6 51. Qxf6+ Ke8 52. Qg6+ 1-0

[Event "Madrid Alcorcon op 1st"]
[Site "Madrid"]
[Date "2022.12.26"]
[Round "2"]
[White "Neagu, Roberto Florin"]
[Black "Cuadrado Carmona, Javier"]
[Result "1-0"]
[WhiteElo "2229"]
[BlackElo "1905"]
[PlyCount "87"]
[EventDate "2022.12.26"]
[EventType "swiss"]
[EventRounds "9"]
[EventCountry "ESP"]
[SourceTitle "CBM 212 Extra"]
[Source "ChessBase"]
[SourceDate "2023.03.31"]
[SourceVersion "1"]
[SourceVersionDate "2023.03.31"]
[SourceQuality "1"]

1. c4 Nf6 2. Nc3 d5 3. cxd5 Nxd5 4. g3 g6 5. Bg2 Nxc3 6. bxc3 Bg7 7. h4 0-0 8. h5 c5 9. Nf3 Nc6 10. h6 Bf6 11. Rb1 b6 12. Qc2 Bb7 13. 0-0 Qc7 14. d4 cxd4 15. cxd4 Rac8 16. Bf4 Qd7 17. Qa4 Rfd8 18. Rfd1 Na5 19. Qxd7 Rxd7 20. Be5 Bxe5 21. Nxe5 Rdc7 22. Bxb7 Nxb7 23. a4 f6 24. Nd3 Kf7 25. Nb4 Na5 26. Kg2 Rc3 27. d5 Rd8 28. Rdc1 Rdc8 29. Rd1 Rd8 30. Rbc1 Rdc8 31. Rxc3 Rxc3 32. d6 exd6 33. Rxd6 Ke7 34. Rxb6 axb6 35. Nd5+ Ke6 36. Nxc3 Nc4 37. e4 Ke5 38. f4+ Kd4 39. Nd5 Kxe4 40. Nxf6+ Kf5 41. Nxh7 Nb2 42. Ng5 Kf6 43. Ne6 g5 44. h7 1-0

[Event "ESP-ch U18"]
[Site "Salobrena"]
[Date "2022.08.02"]
[Round "3"]
[White "Cuadrado Carmona, Javier"]
[Black "Cesar Maestre, Bernardo"]
[Result "0-1"]
[WhiteElo "2025"]
[BlackElo "2343"]
[PlyCount "78"]
[EventDate "2022.08.01"]
[EventType "swiss"]
[EventRounds "9"]
[EventCountry "ESP"]
[SourceTitle "EXT 2023"]
[Source "ChessBase"]
[SourceDate "2022.10.05"]
[SourceVersion "1"]
[SourceVersionDate "2022.10.05"]
[SourceQuality "1"]

1. e4 c5 2. c3 Nf6 3. e5 Nd5 4. d4 cxd4 5. cxd4 e6 6. Nf3 b6 7. Bc4 Ba6 8. Bxa6 Nxa6 9. a3 Be7 10. 0-0 0-0 11. Qd3 Nac7 12. Bd2 f5 13. exf6 Bxf6 14. Nc3 Qe8 15. Ne5 Bxe5 16. dxe5 Nxc3 17. bxc3 Rc8 18. Rad1 Rf7 19. c4 Na6 20. Bb4 Qd8 21. f4 Qc7 22. Bd6 Qxc4 23. Qxc4 Rxc4 24. Rc1 Rc6 25. Rxc6 dxc6 26. Rc1 c5 27. Rc4 Nc7 28. a4 Ne8 29. Kf2 Nxd6 30. exd6 Rd7 31. Ke3 Rxd6 32. Ke4 Kf7 33. g4 Rd2 34. a5 Re2+ 35. Kf3 Rxh2 36. axb6 axb6 37. Ra4 h6 38. Ra7+ Kf6 39. Rb7 Rb2 0-1

[Event "ESP-ch U16 Rapid"]
[Site "Salobrena"]
[Date "2022.07.31"]
[Round "7"]
[White "Cuadrado Carmona, Javier"]
[Black "Diaz Reyes, Killian"]
[Result "1-0"]
[WhiteElo "1798"]
[BlackElo "1573"]
[PlyCount "125"]
[EventDate "2022.07.30"]
[EventType "swiss (rapid)"]
[EventRounds "9"]
[EventCountry "ESP"]
[SourceTitle "EXT 2023"]
[Source "ChessBase"]
[SourceDate "2022.10.05"]
[SourceVersion "1"]
[SourceVersionDate "2022.10.05"]
[SourceQuality "1"]

1. e4 c5 2. c3 Nf6 3. e5 Nd5 4. d4 cxd4 5. cxd4 Nc6 6. Nf3 d6 7. Bc4 Nb6 8. Bb3 e6 9. 0-0 Be7 10. exd6 Qxd6 11. Nc3 a6 12. Be3 0-0 13. Rc1 Nb4 14. Ne4 Qd8 15. Nc5 N4d5 16. Qe2 Bf6 17. Rfd1 Rb8 18. a4 Na8 19. Bxd5 Qxd5 20. Bf4 Bd7 21. Bxb8 Rxb8 22. Nxd7 Qxd7 23. b3 Nb6 24. Ne5 Qd8 25. Ng4 Bg5 26. Ne3 Nd5 27. Rc5 b6 28. Rc4 b5 29. axb5 Rxb5 30. Nxd5 Rxd5 31. Rc5 Rd6 32. d5 h6 33. Qf3 Be7 34. Qc3 Kh7 35. Rc8 Qb6 36. Rc6 Qd8 37. Rxd6 Qxd6 38. Qd3+ g6 39. dxe6 Qxe6 40. g3 a5 41. Qc4 Qf6 42. Re1 Bb4 43. Re2 Qf3 44. Re3 Qd1+ 45. Kg2 Qd7 46. Rf3 Kg7 47. Qe4 Qd6 48. Qf4 Qe6 49. Qd4+ Kh7 50. Rf6 Qe7 51. Rf3 Qb7 52. h4 h5 53. Qf4 Kg8 54. Kh2 Kh7 55. Qxf7+ Qxf7 56. Rxf7+ Kg8 57. Rb7 Be1 58. Kg2 Bb4 59. f3 Kf8 60. g4 Be7 61. gxh5 gxh5 62. Rb5 Bxh4 63. Rxa5 1-0

[Event "ESP-ch U16 Rapid"]
[Site "Salobrena"]
[Date "2022.07.31"]
[Round "5"]
[White "Cuadrado Carmona, Javier"]
[Black "Martin Ramos, Hector"]
[Result "0-1"]
[WhiteElo "1798"]
[BlackElo "1614"]
[PlyCount "64"]
[EventDate "2022.07.30"]
[EventType "swiss (rapid)"]
[EventRounds "9"]
[EventCountry "ESP"]
[SourceTitle "EXT 2023"]
[Source "ChessBase"]
[SourceDate "2022.10.05"]
[SourceVersion "1"]
[SourceVersionDate "2022.10.05"]
[SourceQuality "1"]

1. e4 c5 2. c3 Nf6 3. e5 Nd5 4. d4 cxd4 5. cxd4 d6 6. Bc4 e6 7. Nf3 Nc6 8. exd6 Bxd6 9. 0-0 0-0 10. Re1 b6 11. Ne5 Nce7 12. Bd2 Bb7 13. Nc3 Rc8 14. Bb3 Nxc3 15. bxc3 Ng6 16. f4 Bxe5 17. fxe5 Nh4 18. Qg4 Ng6 19. Bg5 Qd7 20. h4 Rxc3 21. h5 Ne7 22. h6 Nf5 23. hxg7 Rfc8 24. Rad1 Rg3 25. Qf4 Rxg2+ 26. Kf1 Ng3+ 27. Qxg3 Rxg3 28. d5 Rxg5 29. dxe6 Qc6 30. exf7+ Kxg7 31. Bd5 Qb5+ 32. Kf2 Bxd5 0-1

[Event "ESP-ch U16"]
[Site "Salobrena"]
[Date "2022.07.30"]
[Round "9"]
[White "Cernadas Camean, David"]
[Black "Cuadrado Carmona, Javier"]
[Result "1/2-1/2"]
[WhiteElo "1842"]
[BlackElo "2025"]
[PlyCount "70"]
[EventDate "2022.07.25"]
[EventType "swiss"]
[EventRounds "9"]
[EventCountry "ESP"]
[SourceTitle "EXT 2023"]
[Source "ChessBase"]
[SourceDate "2022.10.05"]
[SourceVersion "1"]
[SourceVersionDate "2022.10.05"]
[SourceQuality "1"]

1. e4 e5 2. Nf3 Nc6 3. d4 exd4 4. Bc4 Nf6 5. 0-0 Nxe4 6. Re1 d5 7. Bxd5 Qxd5 8. Nc3 Qh5 9. Nxe4 Be6 10. Bg5 Bd6 11. Nxd6+ cxd6 12. Bf4 Qc5 13. c3 0-0 14. Nxd4 Nxd4 15. Qxd4 Qxd4 16. cxd4 d5 17. Rac1 Rac8 18. Kf1 Rc4 19. Be3 Rfc8 20. Rxc4 dxc4 21. Rc1 a6 22. Ke2 b5 23. Bd2 Bd5 24. f3 f5 25. Kf2 Kf7 26. Re1 g6 27. a3 Rd8 28. h4 h5 29. Re5 Be6 30. Bc3 Rd7 31. f4 Bd5 32. g3 Be4 33. Ke3 Bb7 34. Bb4 Bd5 35. Bc3 Bb7 1/2-1/2

[Event "ESP-ch U16"]
[Site "Salobrena"]
[Date "2022.07.27"]
[Round "5"]
[White "Sureda Gonzalez, Miquel"]
[Black "Cuadrado Carmona, Javier"]
[Result "0-1"]
[WhiteElo "1797"]
[BlackElo "2025"]
[PlyCount "62"]
[EventDate "2022.07.25"]
[EventType "swiss"]
[EventRounds "9"]
[EventCountry "ESP"]
[SourceTitle "EXT 2023"]
[Source "ChessBase"]
[SourceDate "2022.10.05"]
[SourceVersion "1"]
[SourceVersionDate "2022.10.05"]
[SourceQuality "1"]

1. e4 e5 2. Nc3 Nc6 3. g3 Bc5 4. Bg2 d6 5. Nge2 Be6 6. d3 Nge7 7. 0-0 h5 8. Na4 Bb6 9. Nxb6 axb6 10. f4 f6 11. a3 Qd7 12. f5 Bf7 13. c4 Nd4 14. Nxd4 exd4 15. b4 c5 16. b5 Ng8 17. Bf3 Kd8 18. Bf4 Ne7 19. a4 g6 20. fxg6 Nxg6 21. Qd2 Be6 22. a5 bxa5 23. Rxa5 Rxa5 24. Qxa5+ Ke7 25. Qd2 h4 26. gxh4 Bh3 27. Bg2 Nxh4 28. Bxh3 Qxh3 29. Bg3 Rg8 30. Qf2 Kd7 31. Kh1 Rxg3 0-1

[Event "ESP-ch U16"]
[Site "Salobrena"]
[Date "2022.07.25"]
[Round "2"]
[White "Cuadrado Carmona, Javier"]
[Black "Roquero Redondo, Miguel"]
[Result "1-0"]
[WhiteElo "2025"]
[BlackElo "1801"]
[PlyCount "105"]
[EventDate "2022.07.25"]
[EventType "swiss"]
[EventRounds "9"]
[EventCountry "ESP"]
[SourceTitle "EXT 2023"]
[Source "ChessBase"]
[SourceDate "2022.10.05"]
[SourceVersion "1"]
[SourceVersionDate "2022.10.05"]
[SourceQuality "1"]

1. e4 c5 2. c3 Nf6 3. e5 Nd5 4. d4 cxd4 5. cxd4 d6 6. Bc4 Nb6 7. Bb3 dxe5 8. Qh5 e6 9. dxe5 Nc6 10. Nc3 g6 11. Qe2 Bg7 12. Nf3 Nd7 13. 0-0 0-0 14. Bf4 Qa5 15. Rfe1 b6 16. Nb5 Qb4 17. Bg3 Ba6 18. Bc4 Na5 19. b3 Nxc4 20. bxc4 Bxb5 21. cxb5 Nc5 22. Red1 Rfd8 23. Bh4 Rxd1+ 24. Rxd1 h6 25. Be7 Bf8 26. Bd6 Rd8 27. Nd4 Qa4 28. Nc6 Rd7 29. Rd2 Qe4 30. Qd1 Qa4 31. Qc1 Qf4 32. g3 Qg5 33. f4 Qf5 34. Bxf8 Kxf8 35. Rxd7 Nxd7 36. Nxa7 Qd3 37. Nc6 Qxb5 38. Nd4 Qd5 39. Qd2 Nc5 40. Nb3 Qxd2 41. Nxd2 Na4 42. Ne4 Ke7 43. Kf2 Nb2 44. Ke3 Kd7 45. Kd4 Kc6 46. Nd6 Nd1 47. Nxf7 h5 48. Nh8 Nf2 49. Nxg6 Ng4 50. h3 Nf2 51. Nf8 Nxh3 52. Nxe6 Ng1 53. Ke4 1-0

[Event "ESP-chT Rapid"]
[Site "Ciudad Real"]
[Date "2021.10.09"]
[Round "1.2"]
[White "Cuadrado Carmona, Javier"]
[Black "Moreno Tejera, Emilio"]
[Result "0-1"]
[WhiteElo "1918"]
[BlackElo "2442"]
[PlyCount "58"]
[EventDate "2021.10.09"]
[EventType "team-swiss (rapid)"]
[EventRounds "9"]
[EventCountry "ESP"]
[SourceTitle "CBM 204 Extra"]
[Source "ChessBase"]
[SourceDate "2021.11.30"]
[SourceVersion "1"]
[SourceVersionDate "2021.11.30"]
[SourceQuality "1"]
[WhiteTeam "Jaque Mate"]
[BlackTeam "Extremadura Magic"]
[WhiteTeamCountry "ESP"]
[BlackTeamCountry "ESP"]

1. e4 c5 2. c3 g6 3. d4 cxd4 4. cxd4 d5 5. exd5 Nf6 6. Bb5+ Nbd7 7. Nc3 a6 8. Ba4 b5 9. Bb3 Bb7 10. Nf3 Bg7 11. d6 0-0 12. 0-0 exd6 13. Bf4 Nb6 14. a3 Rc8 15. Rc1 Nc4 16. Bxc4 Rxc4 17. Qd3 Qd7 18. Nd2 Qg4 19. f3 Qxf4 20. Nxc4 bxc4 21. Qxc4 Nh5 22. Rfd1 Qe3+ 23. Kh1 Nf4 24. d5 Be5 25. Qe4 Qf2 26. Rc2 Qb6 27. g3 Nh5 28. Na4 Qb3 29. Qc4 Qxf3+ 0-1

[Event "ESP-ch U14"]
[Site "Salobrena"]
[Date "2021.07.12"]
[Round "1"]
[White "Larrakoetxea Gorostidi, Jugatx Jiashang"]
[Black "Cuadrado Carmona, Javier"]
[Result "0-1"]
[WhiteElo "1466"]
[BlackElo "1891"]
[PlyCount "76"]
[EventDate "2021.07.12"]
[EventType "swiss"]
[EventRounds "9"]
[EventCountry "ESP"]
[SourceTitle "EXT 2022"]
[Source "ChessBase"]
[SourceDate "2021.10.06"]
[SourceVersion "1"]
[SourceVersionDate "2021.10.06"]
[SourceQuality "1"]

1. d4 d5 2. c4 e6 3. Nc3 Be7 4. Nf3 Nf6 5. Bg5 0-0 6. e3 h6 7. Bh4 b6 8. Bd3 Bb7 9. 0-0 c5 10. dxc5 bxc5 11. Qb3 Qb6 12. Nd2 Nbd7 13. cxd5 exd5 14. Bf5 Rfd8 15. Na4 Qc6 16. Nf3 Nb6 17. Nc3 d4 18. Ne2 c4 19. Qd1 dxe3 20. Ned4 exf2+ 21. Rxf2 Qc5 22. Qc2 Rxd4 23. Nxd4 Qxd4 24. Bxf6 Bxf6 25. Rd1 Qc5 26. Kh1 Nd5 27. b4 Nxb4 28. Qe2 Nd3 29. Rff1 Qc6 30. Rd2 Re8 31. Qg4 Ne5 32. Qg3 c3 33. Rc2 Nc4 34. Rcc1 Ne3 35. Rf2 Nxf5 36. Rxf5 Bg5 37. Rc2 Qe4 38. Rcf2 c2 0-1

[Event "Madrid-ch U14"]
[Site "Madrid"]
[Date "2021.04.25"]
[Round "5"]
[White "Cuadrado Carmona, Javier"]
[Black "Centeno Mendoza, Julio Stefano"]
[Result "1/2-1/2"]
[WhiteElo "1806"]
[BlackElo "2064"]
[PlyCount "61"]
[EventDate "2021.04.17"]
[EventType "swiss"]
[EventRounds "5"]
[EventCountry "ESP"]
[SourceTitle "EXT 2023"]
[Source "ChessBase"]
[SourceDate "2022.10.05"]
[SourceVersion "1"]
[SourceVersionDate "2022.10.05"]
[SourceQuality "1"]

1. e4 e5 2. Nf3 Nc6 3. Bc4 Bc5 4. c3 Nf6 5. d4 exd4 6. e5 d5 7. Bb5 Ne4 8. cxd4 Bb6 9. Nc3 0-0 10. Be3 Bg4 11. h3 Bf5 12. Qc2 Bg6 13. Qb3 Ne7 14. 0-0 c6 15. Be2 Nf5 16. Rfd1 Nxc3 17. bxc3 f6 18. Bf4 fxe5 19. Bxe5 Nh4 20. Bg3 Nxf3+ 21. Bxf3 Qg5 22. a4 Rac8 23. Bg4 Bf5 24. Bxf5 Qxf5 25. a5 Bc7 26. Qxb7 Bxg3 27. fxg3 Rb8 28. Qxc6 Rb2 29. Rf1 Rxg2+ 30. Kxg2 Qe4+ 31. Kg1 1/2-1/2

[Event "Madrid-ch U14"]
[Site "Madrid"]
[Date "2021.04.17"]
[Round "2"]
[White "Bravo De la Vega, Alvaro"]
[Black "Cuadrado Carmona, Javier"]
[Result "0-1"]
[WhiteElo "2011"]
[BlackElo "1806"]
[PlyCount "86"]
[EventDate "2021.04.17"]
[EventType "swiss"]
[EventRounds "5"]
[EventCountry "ESP"]
[SourceTitle "EXT 2023"]
[Source "ChessBase"]
[SourceDate "2022.10.05"]
[SourceVersion "1"]
[SourceVersionDate "2022.10.05"]
[SourceQuality "1"]

1. e4 e5 2. Nf3 Nc6 3. Bb5 a6 4. Ba4 Nf6 5. 0-0 Be7 6. Re1 b5 7. Bb3 0-0 8. h3 d6 9. c3 Na5 10. Bc2 c5 11. d4 cxd4 12. cxd4 Qc7 13. Nbd2 Bb7 14. d5 Rac8 15. Bd3 Nd7 16. Nf1 f5 17. Bg5 Nf6 18. Rc1 Qd7 19. Qd2 Nc4 20. Bxc4 Nxe4 21. Nxe5 dxe5 22. Rxe4 Bxg5 23. Qxg5 fxe4 24. Bb3 Rxc1 25. Qxc1 Bxd5 26. Qd1 Rd8 27. Ne3 Bxb3 28. Qxb3+ Kh8 29. Qc3 Re8 30. Qc2 Qb7 31. Qc5 Rc8 32. Qxe5 Rc1+ 33. Nf1 h6 34. h4 Qc6 35. Qf5 Qc5 36. Qh3 Qc4 37. g3 Qe2 38. h5 e3 39. fxe3 Qxe3+ 40. Kg2 Rc2+ 41. Kh1 Qf3+ 42. Kg1 Qf2+ 43. Kh1 Rc1 0-1

[Event "ESP-ch U14"]
[Site "Salobrena"]
[Date "2020.08.07"]
[Round "8"]
[White "Cuadrado Carmona, Javier"]
[Black "Garcia Fernandez, Victor"]
[Result "0-1"]
[WhiteElo "1824"]
[BlackElo "1690"]
[PlyCount "62"]
[EventDate "2020.08.03"]
[EventType "swiss"]
[EventRounds "9"]
[EventCountry "ESP"]
[SourceTitle "EXT 2021"]
[Source "ChessBase"]
[SourceDate "2020.10.23"]
[SourceVersion "1"]
[SourceVersionDate "2020.10.23"]
[SourceQuality "1"]

1. e4 e6 2. d4 d5 3. e5 c5 4. c3 Qb6 5. Nf3 Nc6 6. a3 Nh6 7. b4 cxd4 8. cxd4 Nf5 9. Bb2 Be7 10. Bd3 a5 11. Qa4 0-0 12. b5 Nh4 13. Nbd2 Nxg2+ 14. Kf1 Nf4 15. bxc6 Nxd3 16. Bc3 Qxc6 17. Qxc6 bxc6 18. Ke2 Nf4+ 19. Ke3 Ng2+ 20. Kd3 Ba6+ 21. Kc2 a4 22. Nf1 Rab8 23. h4 Nf4 24. Bd2 Bd3+ 25. Kc1 Bxa3+ 26. Kd1 Be2+ 27. Ke1 Bxf3 28. Bxf4 Bb2 29. Rh3 Bxa1 30. Rxf3 Bxd4 31. Rd3 c5 0-1

[Event "ESP-ch U14"]
[Site "Salobrena"]
[Date "2020.08.07"]
[Round "7"]
[White "Kocharyan Baghdasaryan, Arman"]
[Black "Cuadrado Carmona, Javier"]
[Result "0-1"]
[WhiteElo "1697"]
[BlackElo "1824"]
[PlyCount "110"]
[EventDate "2020.08.03"]
[EventType "swiss"]
[EventRounds "9"]
[EventCountry "ESP"]
[SourceTitle "EXT 2021"]
[Source "ChessBase"]
[SourceDate "2020.10.23"]
[SourceVersion "1"]
[SourceVersionDate "2020.10.23"]
[SourceQuality "1"]

1. e4 e5 2. Nf3 Nc6 3. Bb5 a6 4. Ba4 Nf6 5. d3 b5 6. Bb3 Be7 7. 0-0 0-0 8. Re1 d6 9. c3 Na5 10. Bc2 c5 11. d4 cxd4 12. cxd4 Qc7 13. Nbd2 Bg4 14. h3 Bh5 15. g4 Bg6 16. Nf1 Nc6 17. d5 Na5 18. Bd3 Nb7 19. Ng3 Nc5 20. Bb1 h5 21. g5 Nh7 22. Nf5 f6 23. N5h4 Bxe4 24. Bxe4 Nxe4 25. Rxe4 fxg5 26. Ng6 Rf7 27. Nxe7+ Qxe7 28. Be3 Qf6 29. Nd2 Qg6 30. Qc2 Qf5 31. Kg2 Nf6 32. Rc4 Qd7 33. Rc6 Nxd5 34. a3 Raf8 35. Ne4 Nxe3+ 36. fxe3 d5 37. Rd1 Rf3 38. Nxg5 Rf2+ 39. Qxf2 Rxf2+ 40. Kxf2 Qxc6 41. Nf3 Qf6 42. Kg2 e4 43. Nd4 Qg5+ 44. Kf2 Qf6+ 45. Kg2 g5 46. Rf1 Qg7 47. Rf5 h4 48. Rxd5 g4 49. Rd8+ Kh7 50. Nf5 Qxb2+ 51. Kf1 g3 52. Rd7+ Kg8 53. Nh6+ Kf8 54. Ng4 Qc1+ 55. Ke2 g2 0-1

[Event "ESP-ch U14"]
[Site "Salobrena"]
[Date "2020.08.04"]
[Round "3"]
[White "Pinyol I Llora, Julia"]
[Black "Cuadrado Carmona, Javier"]
[Result "1/2-1/2"]
[WhiteElo "1530"]
[BlackElo "1824"]
[PlyCount "67"]
[EventDate "2020.08.03"]
[EventType "swiss"]
[EventRounds "9"]
[EventCountry "ESP"]
[SourceTitle "EXT 2021"]
[Source "ChessBase"]
[SourceDate "2020.10.23"]
[SourceVersion "1"]
[SourceVersionDate "2020.10.23"]
[SourceQuality "1"]

1. d4 d5 2. c4 e6 3. Nf3 Nf6 4. g3 Be7 5. Bg2 0-0 6. 0-0 dxc4 7. Qc2 b5 8. Ne5 c6 9. Nxc6 Nxc6 10. Bxc6 Rb8 11. Rd1 Nd5 12. Bxd5 Qxd5 13. Nc3 Qh5 14. Bf4 Rb6 15. d5 exd5 16. Rxd5 Qh3 17. Rxb5 Bb7 18. e4 Rxb5 19. Nxb5 f5 20. Qxc4+ Kh8 21. Nc3 Bf6 22. Qf1 Qg4 23. Qd1 Qh3 24. Qd7 Bc8 25. Qxa7 g5 26. Bd6 f4 27. f3 fxg3 28. Bxg3 g4 29. f4 h5 30. e5 Bd8 31. Qc5 Rg8 32. Qc6 Kh7 33. Qe4+ Kh8 34. Qg2 1/2-1/2